000 00630nam a2200229Ia 4500
003 OSt
005 20220926012412.0
006 a|||||r|||| 00| 0
007 ta
008 220923b |||||||| |||| 00| 0 eng d
020 _a0231040628
037 _cGeneral Book
040 _aRTL
_cRTL
_beng
041 _2eng
_aeng
082 _aX:77.1(X).N7, L6
100 _aHaq M U
_9316367
245 0 _aPoverty Curtain
_b Choices For The Third World
260 _aNew York
_bColumbia Press
_c1976
300 _axvii,247p.
_ccm.
942 _hX:77.1(X).N7, L6
_cGB
_2CC
999 _c622790
_d622790